PROBLEMAS ADMINISTRATIVOS DE UN DEPARTAMENTO DE ORGANIZACION /

Guardat en:
Dades bibliogràfiques
Autor principal: Smyth, Bruce L. (autor)
Format: Llibre
Matèries:
Etiquetes: Afegir etiqueta
Sense etiquetes, Sigues el primer a etiquetar aquest registre!

MARC

LEADER 00000nam^a2200000^a^4500
001 000231875
005 20250521000000.0
009 20260310104536.807
035 |a 054625 
037 |a Acervo Xavier Clavigero 
082 |a 658. 1  |b SMY 
100 |a Smyth, Bruce L.  |e (autor) 
245 1 0 |a PROBLEMAS ADMINISTRATIVOS DE UN DEPARTAMENTO DE ORGANIZACION /  |c BRUCE L. SMYTH 
264 |a México :  |b Centro de Estudios Monetarios Latinoamericanos,  |c 1958 
300 |a 216p. 
336 |a texto  |b txt  |2 rdacontenido 
337 |a sin mediación  |b n  |2 rdamedio 
338 |a volumen  |b nc  |2 rdasoporte 
649 |a XX 
650 |a ORGANIZACION. 
650 |a Empresas 
910 |a Fondo General 
920 |a Impresos - Libros 
930 |a Colección General 
905 |a 101 
901 |a 054625  |b IT1  |c ACC  |i 054625  |u 20250521 
902 |a https://opac.biblio.iteso.mx/vufind/Record/000231875